Expanding the applicability of multimedia fate models to polar organic chemicals /
שמור ב:
| מחבר ראשי: | |
|---|---|
| מחברים אחרים: | |
| פורמט: | Bài viết |
| שפה: | English |
| נושאים: | |
| תגים: |
הוספת תג
אין תגיות, היה/י הראשונ/ה לתייג את הרשומה!
|
| Thư viện lưu trữ: | Thư viện Trường Đại học Đà Lạt |
|---|
| LEADER | 00930nam a2200313 4500 | ||
|---|---|---|---|
| 001 | DLU090094151 | ||
| 005 | ##20091201 | ||
| 040 | # | # | |a DLU |b eng |
| 041 | # | # | |a eng |
| 044 | # | # | |a us |
| 100 | # | # | |a Breivik, Knut. |
| 245 | # | # | |a Expanding the applicability of multimedia fate models to polar organic chemicals / |c Knut Breivik, Frank Wania. |
| 653 | # | # | |a Fugacity |
| 653 | # | # | |a Organic compounds |
| 653 | # | # | |a Partition coefficient |
| 653 | # | # | |a Persistence |
| 653 | # | # | |a Polar compounds |
| 653 | # | # | |a Pollution |
| 700 | # | # | |a Wania, Frank. |
| 773 | # | # | |t Environmental Science & Technology |g Vol. 37, no. 21 (November 2003), p. 4934-4943 |
| 920 | # | # | |a Phòng Tạp chí -- Trung tâm Thông tin - Thư viện Trường Đại học Đà Lạt |
| 994 | # | # | |a DLU |
| 900 | # | # | |a True |
| 911 | # | # | |a Trương Bảo Trâm Anh |
| 925 | # | # | |a G |
| 926 | # | # | |a A |
| 927 | # | # | |a BB |
| 980 | # | # | |a Thư viện Trường Đại học Đà Lạt |